LA METROPOLI DEL FUTURO /

TRADUCCION DE: THE FUTURE METROPOLIS

Na minha lista:
Detalhes bibliográficos
Autor principal: Rodwin, Lloyd (autor)
Formato: Livro
Colecção:EL MUNDO DE HOY
Assuntos:
Tags: Adicionar Tag
Sem tags, seja o primeiro a adicionar uma tag!

MARC

LEADER 00000nam^a2200000^a^4500
001 000232100
005 20250521000000.0
009 20260310104549.727
035 |a 054425 
037 |a Acervo Xavier Clavigero 
082 |a 307. 14  |b ROD 
100 |a Rodwin, Lloyd  |e (autor) 
245 1 3 |a LA METROPOLI DEL FUTURO /  |c LLOYD RODWIN; TR. FRANCISCO GOMEZ PALACIO 
264 |a MEXICO :  |b LIBREROS MEXICANOS UNIDOS,  |c 1964 
300 |a 298p. 
336 |a texto  |b txt  |2 rdacontenido 
337 |a sin mediación  |b n  |2 rdamedio 
338 |a volumen  |b nc  |2 rdasoporte 
440 |a EL MUNDO DE HOY 
520 |a TRADUCCION DE: THE FUTURE METROPOLIS 
649 |a XX 
650 |a Desarrollo Comunitario 
650
910 |a Fondo General 
920 |a Impresos - Libros 
930 |a Colección General 
905 |a 101 
901 |a 054425  |b IT1  |c ACC  |i 054425  |u 20250521 
901 |a 054426  |b IT1  |c ACC  |i 054426  |u 20250521 
902 |a https://opac.biblio.iteso.mx/vufind/Record/000232100